| 000 | 00483ntaaa2200193 4500 | ||
|---|---|---|---|
| 003 | 01 | ||
| 005 | 20251027201522.0 | ||
| 008 | 0714s1973 ag 01 | ||
| 040 |
_aAR-BaBN _bspa _cAR-BaBN _eaacr _dRIC |
||
| 082 | _a100.3000 M79 | ||
| 100 |
_aFerrater Mora, José _961 |
||
| 245 | _aDiccionario de filosofĂa | ||
| 250 | _a1 ed. | ||
| 260 |
_as/l : _bSudamericana, _c1951 |
||
| 300 | _a1047 p | ||
| 650 |
_aFilosofia-Diccionario _95033 |
||
| 650 | _aDiccionario-Filosofia | ||
| 942 | _cBK | ||
| 999 |
_c9720 _d9720 |
||